header

The good fight continues (Record no. 138998)

MARC details
000 -LEADER
fixed length control field 02535nam a2200517 a 4500
082 04 - DEWEY DECIMAL CLASSIFICATION NUMBER
Classification number 940.54/8173
245 04 - TITLE STATEMENT
Title The good fight continues
260 ## - PUBLICATION, DISTRIBUTION, ETC. (IMPRINT)
Place of publication New York :
Name of publisher New York University Press,
Year of publication c2006.
300 ## - PHYSICAL DESCRIPTION
Number of Pages xiii, 290 p. :
Other physical details ill.
500 ## - GENERAL NOTE
General note Letters selected from the Abraham Lincoln Brigade Archives collection at New York University's Tamiment Library.
505 0# - FORMATTED CONTENTS NOTE
Formatted contents note Before Pearl Harbor -- At war with the army -- Problems in red and black -- In the combat theaters -- Premature antifascists and the postwar world.
650 #0 - SUBJECT ADDED ENTRY--TOPICAL TERM
Topical Term Anti-fascist movements
Topical Term Soldiers
Topical Term World War, 1939-1945
Topical Term World War, 1939-1945
Topical Term World War, 1939-1945
Topical Term World War, 1939-1945
700 1# - ADDED ENTRY--PERSONAL NAME
Personal name Carroll, Peter N.
Personal name Nash, Michael,
Personal name Small, Melvin.
856 40 - ELECTRONIC LOCATION AND ACCESS
Uniform Resource Identifier http://site.ebrary.com/lib/rucke/Doc?id=10170584

No items available.

© 2026 Rongo University
Contact us: librarian | system librarian | Rongo university